000 00419nam a2200181Ia 4500
001 19801
005 20260306172719.0
008 260306t2011||||xx |||||||||||||| ||spa||
041 _aESP
082 _a341.1
_bM12
100 _aMacCormick, Neil
_eAUT
245 0 _aInstituciones del derecho
260 _c2011
300 _a393 páginas :
_c23 cm.
650 _aGEN
654 _aCDE
942 _cLIB
_dJUS
_fJUS
_2ddc
_n
999 _c19801
_d19801